| 000 | 00701 a2200205 4500 | ||
|---|---|---|---|
| 999 |
_c5327 _d5327 |
||
| 020 | _a0070542341 : | ||
| 050 | 0 | 0 | _aQA300,RUD 1987 |
| 100 | 1 |
_aRudin, Walter, _d1921-2010. |
|
| 245 | 1 | 0 |
_aReal and complex analysis / _cWalter Rudin. |
| 250 | _a3rd ed. | ||
| 264 |
_aBoston: _bMcGraw hill., _c1987 |
||
| 300 | _axiv, 416 p. ; | ||
| 500 | _aCover title: Real & complex analysis. | ||
| 500 | _aIncludes index. | ||
| 504 | _aBibliography: p. 405-406. | ||
| 650 | 0 | _aMathematical analysis. | |
| 856 | 4 | 1 |
_3Table of contents _uhttp://www.loc.gov/catdir/toc/mh031/86000007.html |
| 856 | 4 | 2 |
_3Publisher description _uhttp://www.loc.gov/catdir/description/mh022/86000007.html |
| 942 |
_2lcc _cBK _h300 _iRUD _kQA |
||